Introducción a la bioestadística / (Registro nro. 10446)

Detalles MARC
000 -LIDER
fixed length control field 00948nam a22003491i 4500
001 - NÚMERO DE CONTROL
Identificador de número de control 56209
003 - IDENTIFICACDOR DE NÚMERO DE CONTROL
control field DO-SdBNP
005 - DATE AND TIME OF LATEST TRANSACTION
control field 20170922133152.0
007 - CAMPOS FIJOS DE DESCRIPCIÓN FÍSICA
fixed length control field 56209
008 - ELEMENTOS DE LONGITUD FIJA
fixed length control field 990501s1972 dr spa
016 7# - NO. DE CONTROL DE LA AGENCIA BIB. NACIONAL
Record control number
Canceled/invalid record control number
Source BPSMU
017 ## - NÚMERO DE REGISTRO DE DERECHOS DE AUTOR
Copyright or legal deposit number
Assigning agency
020 ## - ISBN
International Standard Book Number
035 ## - NÚMERO LOCAL
System control number
040 ## - FUENTE DE CATALOGACIÓN
Agencia que crea de manera original el registro BPMSU
Idioma de catalogación spa
Agencia que realiza la transcripción BPMSU
041 1# - CÓDIGOS DE OBRAS TRADUCIDAS O EN VARIOS IDIOMAS
Código del idioma del texto/archivo de sonido o separata spa
Cód. del idioma original y/o traducciones intermedias del texto
080 #0 - NÚMERO DE CLASIFICACIÓN DECIMAL UNIVERSAL
Universal Decimal Classification number
082 ## - NÚMERO DE CLASIFICACIÓN DECIMAL DE DEWEY
Classification number 570.15195
Item number M524i
100 1# - ASIENTO PRINCIPAL -- NOMBRE PERSONAL
Nombre personal Mella, César
245 10 - MENCIÓN DE TITULO
Título Introducción a la bioestadística /
Medio (Designación general de material)
Mención de responsabilidad Cesar Mella, Mondesto Tavávez, Orlando Mejía
260 ## - PUBLICACIÓN, DISTRIBUCIÓN, ETC. (PIE DE IMPRENTA)
Lugar de publicación, distribución, etc Barcelona
Nombre del editor, distribuidor, etc. Reverté
Fecha de publicación, distribución, etc cop. 1980
300 ## - DESCRIPCIÓN FÍSICA
Extensión 163 p. :
Otros detalles físicos il.;
Dimensiones 24 cm
500 ## - NOTA GENERAL
Nota general
504 ## - NOTA DE BIBLIOGRAFÍA, ETC.
Bibliography, etc Bibliografía: p. 163
650 #4 - ENCABEZAMIENTO DE MATERIA--TEMÁTICO
Término temático o nombre geográfico como elemento de entrada BIOESTADÍSTICA
Fuente del encabezamiento o término
700 12 - ASIENTO SECUNDARIO -- NOMBRE PERSONAL
Nombre personal Tavávez, Mondesto
700 12 - ASIENTO SECUNDARIO -- NOMBRE PERSONAL
Nombre personal Mejía, Orlando
910 ## - VALIDACIÓN
Validación Validado. Control de calidad MFF
942 ## - ADDED ENTRY ELEMENTS (KOHA)
Source of classification or shelving scheme Dewey Decimal Classification
Koha item type Libros
945 ## - INFORMACIÓN DE PROCESAMIENTO LOCAL
Información de procesamiento local Titulo remanejado para la BNPHU
956 ## - LOCAL ELECTRONIC LOCATION AND ACCESS (OCLC)
Nombre de host VAMATEO
Método de acceso
Número de acceso 10
Información de compresión 20160620
Trayectoria BPMSU
Nombre Electrónico 0069
Existencias
Withdrawn status Lost status Source of classification or shelving scheme Damaged status Not for loan Collection code Home library Current library Date acquired Source of acquisition Total Checkouts Full call number Barcode Date last seen Price effective from Koha item type
    Dewey Decimal Classification     Colección Dominicana Biblioteca Pública Metropolitana Salomé Ureña Biblioteca Pública Metropolitana Salomé Ureña 06/20/2016 FUNDI   570.15195 M524i BPMSU16060254 06/20/2016 06/20/2016 Libros